Perspectives in Environmental Studies (Record no. 5457)
[ view plain ]
| 000 -LEADER | |
|---|---|
| fixed length control field | 00574nam a22001937a 4500 |
| 005 - DATE AND TIME OF LATEST TRANSACTION | |
| control field | 20250412164908.0 |
| 008 - FIXED-LENGTH DATA ELEMENTS--GENERAL INFORMATION | |
| fixed length control field | 250412b |||||||| |||| 00| 0 eng d |
| 020 ## - INTERNATIONAL STANDARD BOOK NUMBER | |
| International Standard Book Number | 9788122421590 |
| 050 ## - LIBRARY OF CONGRESS CALL NUMBER | |
| Classification number | GE70 KAO |
| 100 ## - MAIN ENTRY--PERSONAL NAME | |
| Personal name | Kaushik Anubha |
| 245 ## - TITLE STATEMENT | |
| Title | Perspectives in Environmental Studies |
| Statement of responsibility, etc. | Anubha Kaushik & C. P. Kaushik |
| 250 ## - EDITION STATEMENT | |
| Edition statement | 3rd Ed. |
| 260 ## - PUBLICATION, DISTRIBUTION, ETC. | |
| Place of publication, distribution, etc. | New Delhi |
| Name of publisher, distributor, etc. | New Age International Publishers |
| Date of publication, distribution, etc. | 2008 |
| 300 ## - PHYSICAL DESCRIPTION | |
| Extent | xviii. 309p. |
| Other physical details | ill. (some col.) |
| Dimensions | 24 cm |
| 500 ## - GENERAL NOTE | |
| General note | Includes Index |
| 650 ## - SUBJECT ADDED ENTRY--TOPICAL TERM | |
| Source of heading or term | Geography |
| 700 ## - ADDED ENTRY--PERSONAL NAME | |
| Personal name | Kaushik C. P. |
| 942 ## - ADDED ENTRY ELEMENTS (KOHA) | |
| Source of classification or shelving scheme | Library of Congress Classification |
| Koha item type | Books |
| Edition | 3rd Ed. |
| Suppress in OPAC | No |
| 999 ## - | |
| -- | 5457 |
| -- | 5457 |
| Withdrawn status | Lost status | Source of classification or shelving scheme | Damaged status | Not for loan | Collection | Home library | Current library | Shelving location | Date acquired | Total checkouts | Full call number | Barcode | Date last seen | Copy number | Price effective from | Koha item type |
|---|---|---|---|---|---|---|---|---|---|---|---|---|---|---|---|---|
| Library of Congress Classification | Non-fiction | Business Library (Miotso) | Business Library (Miotso) | General stacks | 04/12/2025 | GE70 KAO | BSSM00001842 | 04/12/2025 | 1 | 04/12/2025 | Books |